Giải bài toán ở tiểu học như thế nào? Sách tham khỏa cho GV và PHHS

में बचाया:
ग्रंथसूची विवरण
मुख्य लेखक: Phạm, Đình Thực
स्वरूप: पुस्तक
भाषा:Vietnamese
प्रकाशित: H. Giáo dục 1998
संस्करण:Tái bản lần thứ nhất
विषय:
टैग : टैग जोड़ें
कोई टैग नहीं, इस रिकॉर्ड को टैग करने वाले पहले व्यक्ति बनें!
Thư viện lưu trữ: Mạng thư viện Đại học Đà Nẵng
LEADER 01056nam a2200325 4500
001 000013143
003 9480
005 20120309100312.0
008 120309s1998 viesd
020 |c 6000đ 
041 0 |a vie 
082 |a 372.76  |b PH-T 
100 0 |a Phạm, Đình Thực 
245 0 |a Giải bài toán ở tiểu học như thế nào?  |b Sách tham khỏa cho GV và PHHS  |c Phạm Đình Thực 
250 |a Tái bản lần thứ nhất 
260 |a H.  |b Giáo dục  |c 1998 
300 |a 148 tr.  |c 20 cm 
653 |a Bài toán 
653 |a Tiểu học 
910 |a duyên 
OWN |a LSP 
AVA |a UDN50  |b LSP  |d 372.76 PH-T  |e available  |t Error 5001 Not defined in file expand_doc_bib_avail.  |f 4  |g 0  |h N  |i 0  |k 1 
999 |a From the UDN01 
AVA |a UDN50  |b LSP  |d 372.76 PH-T  |e available  |t Error 5001 Not defined in file expand_doc_bib_avail.  |f 4  |g 0  |h N  |i 0  |k 1 
TYP |a Monograph 
TYP |a Printed language 
980 |a Mạng thư viện Đại học Đà Nẵng